000 00483nam a22001817a 4500
999 _c6168
_d6168
003 GBCCL
005 20241126110557.0
008 180502b ||||| |||| 00| 0 eng d
020 _a0890810281
040 _cgbc
082 _a289.96
_bMOO
100 _aLevitt, Zola
_911085
245 _aThe spirit of Sun Myung Moon /
_cZola Levitt
260 _aCalifornia:
_bHarvest House Publishers,
_c1976
300 _a127 p.;
_c17 cm.
650 _aMoon, Sun Myung
_911086
942 _2ddc
_cBK
_01